[Event "North American-ch U20"]
[Site "Kitchener CAN"]
[Date "2014.08.04"]
[Round "9.10"]
[White "Calugar, Arthur"]
[Black "Ming, Wenyang"]
[Result "1-0"]
[WhiteElo "2295"]
[BlackElo "1782"]
[PlyCount "69"]
[EventDate "2014.07.31"]
[EventType "swiss"]
[EventRounds "9"]
[EventCountry "CAN"]

1. Nf3 c5 2. b3 Nc6 3. Bb2 d6 4. d4 cxd4 5. Nxd4 Nf6 6. g3 e5 7. Nf3 Be6 8. Bg2
Be7 9. O-O O-O 10. c4 Qc7 11. Nc3 Rac8 12. Rc1 Rfd8 13. Nd5 Qb8 14. Nxe7+ Nxe7
15. Ba3 h6 16. Qc2 Rd7 17. Qb2 Nc6 18. Rfd1 d5 19. cxd5 Rxd5 20. Rxd5 Nxd5 21.
Nxe5 Nce7 22. Nc4 b5 23. Bd6 Qb7 24. Ne3 Qd7 25. Bc5 a5 26. Nxd5 Nxd5 27. e4
Nf6 28. e5 Nd5 29. Bd6 Rc6 30. Rd1 Qc8 31. Bxd5 Bxd5 32. Rxd5 Rc1+ 33. Kg2 Qc6
34. Qd4 Rb1 35. Bc5 1-0

[Event "North American-ch U20"]
[Site "Kitchener CAN"]
[Date "2014.08.04"]
[Round "9.11"]
[White "Pamatmat, Jarod"]
[Black "Li, Yinshi"]
[Result "1/2-1/2"]
[WhiteElo "2120"]
[BlackElo "1928"]
[PlyCount "87"]
[EventDate "2014.07.31"]
[EventType "swiss"]
[EventRounds "9"]
[EventCountry "CAN"]

1. d4 d5 2. c4 c6 3. cxd5 cxd5 4. Bf4 Nc6 5. e3 Nf6 6. Nc3 e6 7. Bd3 Bd6 8.
Bxd6 Qxd6 9. Nf3 O-O 10. O-O Rd8 11. Rc1 a6 12. Na4 Nb4 13. Bb1 Bd7 14. Nc5
Rdb8 15. a3 Nc6 16. Bd3 e5 17. dxe5 Nxe5 18. Nxe5 Qxe5 19. Nxd7 Nxd7 20. Qb3 b6
21. Qc2 g6 22. b4 a5 23. Rfd1 axb4 24. axb4 Ra7 25. Qc6 Nf6 26. Be2 Ra2 27. Bf3
Qb2 28. Rf1 Qe5 29. Rcd1 Rb2 30. b5 Kg7 31. h3 d4 32. exd4 Qxb5 33. Qc7 Qe8 34.
d5 Rc8 35. Qf4 Rbc2 36. d6 R2c4 37. Qg3 Qa4 38. Rfe1 Rd4 39. Qe5 Re8 40. Qxd4
Rxe1+ 41. Kh2 Qxd4 42. Rxd4 Re8 43. Rb4 Rd8 44. Rxb6 1/2-1/2

[Event "North American-ch U20"]
[Site "Kitchener CAN"]
[Date "2014.08.04"]
[Round "9.14"]
[White "Virkud, Apurva"]
[Black "Blium, Benjamin"]
[Result "1-0"]
[WhiteElo "1954"]
[BlackElo "1809"]
[PlyCount "97"]
[EventDate "2014.07.31"]
[EventType "swiss"]
[EventRounds "9"]
[EventCountry "CAN"]

1. d4 d5 2. c4 Nc6 3. Nf3 Bg4 4. Nc3 Nf6 5. Bf4 e6 6. e3 Bb4 7. Be2 Nh5 8. Bg5
Nf6 9. O-O O-O 10. cxd5 exd5 11. Bxf6 gxf6 12. Nh4 Bxe2 13. Nxe2 Bd6 14. Nf5
Kh8 15. f4 Rg8 16. Neg3 Ne7 17. Qh5 Rg6 18. Nxe7 Qxe7 19. Rf3 Rag8 20. Qxd5 c6
21. Qf5 Qe6 22. Qxe6 fxe6 23. Rd1 h5 24. Rd2 h4 25. Ne4 Bb4 26. Re2 Kg7 27. Kf1
Kf7 28. f5 exf5 29. Rxf5 Ke6 30. Rf4 f5 31. Nc3 Rg4 32. Ref2 Rxf4 33. Rxf4 Rg4
34. Rxg4 fxg4 35. Ke2 Bd6 36. h3 gxh3 37. gxh3 Kf5 38. Kf3 b5 39. e4+ Ke6 40.
e5 Be7 41. Ke4 a5 42. Ne2 a4 43. Nf4+ Kf7 44. Kf5 b4 45. Ng6 b3 46. axb3 a3 47.
bxa3 Bxa3 48. Nxh4 Bb2 49. Nf3 1-0

[Event "North American-ch U20"]
[Site "Kitchener CAN"]
[Date "2014.08.04"]
[Round "9.15"]
[White "Giblon, Rebecca"]
[Black "Chen, Richard"]
[Result "1/2-1/2"]
[WhiteElo "1740"]
[BlackElo "1881"]
[PlyCount "97"]
[EventDate "2014.07.31"]
[EventType "swiss"]
[EventRounds "9"]
[EventCountry "CAN"]

1. e4 c5 2. Nf3 Nc6 3. d4 cxd4 4. Nxd4 Nf6 5. Nc3 e5 6. Ndb5 d6 7. Nd5 Nxd5 8.
exd5 Nb8 9. c4 Be7 10. Bd3 O-O 11. O-O f5 12. c5 a6 13. cxd6 Bxd6 14. Nxd6 Qxd6
15. Qc2 Kh8 16. Bc4 b5 17. Bb3 Bb7 18. Be3 Nd7 19. Rac1 Rac8 20. Qd3 f4 21.
Rxc8 Rxc8 22. Bd2 Nc5 23. Bb4 Nxd3 24. Bxd6 Rd8 25. Be7 Rxd5 26. Bxd5 Bxd5 27.
Rd1 e4 28. f3 Kg8 29. fxe4 Bxe4 30. Re1 h6 31. Bd6 g5 32. b3 Kf7 33. Bb8 Ke6
34. Rd1 Kf5 35. Kf1 g4 36. Rd2 h5 37. Ba7 h4 38. Ke2 Nb4 39. Bc5 Nd5 40. Kf2 h3
41. gxh3 gxh3 42. a4 Nf6 43. Kg1 Ng4 44. Bd4 Bd5 45. axb5 axb5 46. b4 Ke4 47.
Bc5 Bc4 48. Rd4+ Kf5 49. Bd6 1/2-1/2

[Event "North American-ch U20"]
[Site "Kitchener CAN"]
[Date "2014.08.04"]
[Round "9.16"]
[White "Zotkin, Daniel"]
[Black "Nasir, Pi"]
[Result "1-0"]
[WhiteElo "1778"]
[BlackElo "1854"]
[PlyCount "137"]
[EventDate "2014.07.31"]
[EventType "swiss"]
[EventRounds "9"]
[EventCountry "CAN"]

1. e4 e6 2. d4 b6 3. Nc3 g6 4. Be3 Bg7 5. Qd2 Bb7 6. O-O-O a6 7. h4 b5 8. a3 h5
9. d5 exd5 10. exd5 d6 11. Bg5 Bf6 12. Re1+ Kf8 13. Nf3 Nd7 14. Bd3 Nb6 15. Nd4
Bxg5 16. hxg5 Ne7 17. Qf4 Kg8 18. Nc6 Bxc6 19. dxc6 Nxc6 20. Be4 d5 21. Rd1 Ne7
22. g4 h4 23. Qf6 Nd7 24. Qd4 c6 25. f4 Qb6 26. Qd2 a5 27. f5 Ne5 28. Bxd5 Nxd5
29. Nxd5 cxd5 30. Qxd5 Re8 31. Rde1 Qb8 32. Re3 h3 33. Rf1 Rh7 34. fxg6 Nxg6
35. Rxh3 Qe5 36. Qxe5 Nxe5 37. Re3 Nd3+ 38. Rxd3 Re5 39. Rf5 Re1+ 40. Kd2 Rg1
41. Rxb5 Rh2+ 42. Kc3 Rgg2 43. b3 Rxc2+ 44. Kd4 Rhg2 45. Rxa5 Rxg4+ 46. Ke3
Rg3+ 47. Ke4 Rg4+ 48. Kf3 Rcg2 49. Rad5 R2g3+ 50. Ke2 Rg2+ 51. Ke3 R4g3+ 52.
Kd4 Rg4+ 53. Kc3 Ra2 54. a4 Kg7 55. R3d4 Rg3+ 56. Kb4 Kg6 57. a5 Rh3 58. Rd3
Rh8 59. Kb5 Rb8+ 60. Kc4 Rc8+ 61. Kb4 Rg2 62. a6 Rb8+ 63. Rb5 Rg4+ 64. Ka5 Ra8
65. Rd6+ Kg7 66. Rd7 Rg1 67. Kb6 Ra1 68. Ra5 Rb1 69. Kb7 1-0

[Event "North American-ch U20"]
[Site "Kitchener CAN"]
[Date "2014.08.04"]
[Round "9.17"]
[White "Cai, Jason"]
[Black "Surya, Benito"]
[Result "1-0"]
[WhiteElo "1850"]
[BlackElo "1586"]
[PlyCount "99"]
[EventDate "2014.07.31"]
[EventType "swiss"]
[EventRounds "9"]
[EventCountry "CAN"]

1. e4 Nf6 2. Nc3 d5 3. exd5 Nxd5 4. g3 Nxc3 5. bxc3 Bf5 6. Bg2 c6 7. Nf3 e6 8.
O-O Be7 9. Rb1 Qd7 10. d3 O-O 11. Re1 Na6 12. Bf4 Bf6 13. Qd2 Rfd8 14. Ne5 Qe7
15. Nc4 Rac8 16. Ne3 Bg6 17. Ng4 b6 18. Nxf6+ Qxf6 19. Bg5 Qf5 20. Bxd8 Rxd8
21. Bxc6 Nc5 22. Rb4 e5 23. Qe2 f6 24. d4 exd4 25. cxd4 Na6 26. Qxa6 Qxc2 27.
Qc4+ Qxc4 28. Rxc4 Bf7 29. Ra4 a5 30. Rb1 Rb8 31. Rxa5 Bc4 32. Ra8 Rxa8 33.
Bxa8 Bxa2 34. Rxb6 Kf7 35. d5 Ke7 36. Re6+ Kd7 37. Bc6+ Kd8 38. Re8+ Kc7 39.
Re7+ Kd6 40. Rxg7 Bb3 41. Rxh7 f5 42. h4 Bc2 43. h5 f4 44. Rh6+ Kc7 45. gxf4
Bf5 46. Rf6 Bd3 47. h6 Kd8 48. d6 Bg6 49. Rf8+ Be8 50. Rxe8# 1-0

[Event "North American-ch U20"]
[Site "Kitchener CAN"]
[Date "2014.08.04"]
[Round "9.18"]
[White "Guo, Thomas"]
[Black "Zhong, Joey"]
[Result "0-1"]
[WhiteElo "1736"]
[BlackElo "1892"]
[PlyCount "52"]
[EventDate "2014.07.31"]
[EventType "swiss"]
[EventRounds "9"]
[EventCountry "CAN"]

1. e4 e6 2. d4 d5 3. e5 c5 4. c3 Nc6 5. Nf3 Bd7 6. a3 f6 7. exf6 Nxf6 8. Be3
cxd4 9. cxd4 Bd6 10. Nc3 O-O 11. Be2 h6 12. O-O Be8 13. Qc2 Bh5 14. Rac1 Rc8
15. Rfe1 Bb8 16. Nd2 Ng4 17. Bxg4 Bxg4 18. h3 Bf5 19. Qd1 Qf6 20. Nb3 Qh4 21.
Nc5 Bxh3 22. gxh3 Qxh3 23. Qc2 Bh2+ 24. Kh1 Rf5 25. f3 Bf4+ 26. Kg1 Rg5+ 0-1

[Event "November Quad A"]
[Site "Winnipeg CAN"]
[Date "2014.11.23"]
[Round "1"]
[White "Jenkins, Mark"]
[Black "Green, Jim"]
[Result "0-1"]
[WhiteElo "1466"]
[BlackElo "1881"]
[PlyCount "88"]
[EventDate "2014.11.07"]
[EventType "tourn"]
[EventRounds "3"]
[EventCountry "CAN"]
[TimeControl "3000+10"]

1. d4 d5 2. c4 c6 3. Bf4 Nf6 4. e3 a6 5. a4 g6 6. Nc3 Bg7 7. Nf3 O-O 8. Be2 Re8
9. Ne5 Nbd7 10. O-O Ne4 11. cxd5 Nxc3 12. bxc3 Nxe5 13. Bxe5 Bxe5 14. dxe5 Qxd5
15. Qxd5 cxd5 16. Rfd1 e6 17. Rab1 Bd7 18. a5 Bc6 19. f4 Red8 20. Bf3 Rab8 21.
Kf2 Rdc8 22. Rb4 Bb5 23. Rc1 b6 24. Rb2 bxa5 25. Be2 Bc4 26. Rxb8 Rxb8 27. Bxc4
dxc4 28. Ra1 Rb2+ 29. Kf3 Rc2 30. Ra3 Kf8 31. Ke4 Rxg2 32. Rxa5 Rxh2 33. Kd4 h5
34. Kxc4 h4 35. Kd4 Rd2+ 36. Ke4 h3 37. Ra1 h2 38. Kf3 Rc2 39. Rh1 a5 40. Kg3
a4 41. Rxh2 Rxh2 42. Kxh2 a3 43. c4 a2 44. c5 a1=Q 0-1

[Event "November Quad A"]
[Site "Winnipeg CAN"]
[Date "2014.11.23"]
[Round "1.3"]
[White "Czypinski, Jaroslaw"]
[Black "De Groot, Steven"]
[Result "1/2-1/2"]
[WhiteElo "1981"]
[BlackElo "1889"]
[PlyCount "101"]
[EventDate "2014.11.07"]
[EventType "tourn"]
[EventRounds "3"]
[EventCountry "CAN"]

1. e4 c5 2. d4 cxd4 3. c3 d3 4. c4 Nf6 5. Nc3 Nc6 6. Nf3 d6 7. Bxd3 g6 8. O-O
Bg7 9. Qe2 Bg4 10. Qd1 Ne5 11. Be2 Bxf3 12. Bxf3 O-O 13. Be2 Rc8 14. b3 a6 15.
Bb2 Re8 16. Kh1 Ned7 17. Qd2 Nc5 18. f3 Ne6 19. Nd5 Nxd5 20. Bxg7 Nxg7 21. cxd5
Qb6 22. Rac1 Red8 23. Rxc8 Rxc8 24. Rc1 Rc5 25. h3 Qc7 26. Rxc5 Qxc5 27. Bd1
Nh5 28. Kh2 Nf6 29. Qc2 Qxc2 30. Bxc2 Kg7 31. Kg1 Nd7 32. Kf2 Kf6 33. Ke3 b5
34. f4 h6 35. g4 g5 36. Bd1 gxf4+ 37. Kxf4 Ne5 38. Be2 Ng6+ 39. Ke3 Ke5 40. Bf3
Nf4 41. h4 Ng6 42. h5 Nf4 43. Bh1 e6 44. dxe6 fxe6 45. Bf3 Nh3 46. Bg2 Ng5 47.
Bh1 Nh7 48. b4 Nf6 49. Bf3 Nd7 50. Bd1 Kf6 51. a4 1/2-1/2

[Event "November Quad A"]
[Site "Winnipeg CAN"]
[Date "2014.11.07"]
[Round "1.3"]
[White "Liebzeit, Mick"]
[Black "Andraschko, Felix"]
[Result "1/2-1/2"]
[WhiteElo "1902"]
[BlackElo "2161"]
[PlyCount "89"]
[EventDate "2014.11.07"]
[EventType "tourn"]
[EventRounds "3"]
[EventCountry "CAN"]

1. e4 c5 2. Nf3 Nc6 3. Bb5 e6 4. O-O Nge7 5. Nc3 a6 6. Bxc6 Nxc6 7. d4 cxd4 8.
Nxd4 Qc7 9. Nde2 Be7 10. Bf4 d6 11. Bg3 O-O 12. Kh1 Ne5 13. h3 b5 14. Nd4 Bb7
15. Qe2 Nc4 16. Nd1 Bf6 17. c3 Qc5 18. b3 Nb6 19. Qd3 Rfd8 20. Rc1 e5 21. Nf5
d5 22. exd5 Bxd5 23. Qe3 Qc6 24. f3 Qe6 25. Bh2 Qxf5 26. Qxb6 Qe6 27. Qf2 Rac8
28. Ne3 e4 29. c4 bxc4 30. fxe4 Qxe4 31. Nxd5 Qxd5 32. Qg3 Kh8 33. Qg4 c3 34.
Rc2 Qd3 35. Rfc1 Qg6 36. Qf3 Bg5 37. Bf4 Bxf4 38. Qxf4 Rd3 39. Qe5 Qc6 40. Kg1
Qc5+ 41. Qxc5 Rxc5 42. Kf2 g5 43. Ke2 Rg3 44. Kf2 Rd3 45. Ke2 1/2-1/2

[Event "November Quad A"]
[Site "Winnipeg CAN"]
[Date "2014.11.23"]
[Round "2"]
[White "Evans, Jason"]
[Black "Jenkins, Mark"]
[Result "1-0"]
[WhiteElo "1490"]
[BlackElo "1466"]
[PlyCount "47"]
[EventDate "2014.11.07"]
[EventType "tourn"]
[EventRounds "3"]
[EventCountry "CAN"]
[TimeControl "3000+10"]

1. e4 c5 2. Nc3 Nc6 3. f4 e5 4. fxe5 Nxe5 5. Bb5 a6 6. Be2 b5 7. d4 b4 8. Nd5
Qh4+ 9. g3 Qxe4 10. Nc7+ Kd8 11. dxe5 Qxh1 12. Be3 Kxc7 13. Qd2 Qxh2 14. O-O-O
Qxg3 15. Bf4 Qh4 16. e6+ Kd8 17. Bg5+ Qxg5 18. Qxg5+ f6 19. Qg2 Ra7 20. Bg4 Bb7
21. Rxd7+ Ke8 22. Rxb7 Rxb7 23. Qxb7 Bd6 24. Qd7+ 1-0

[Event "November Quad A"]
[Site "Winnipeg CAN"]
[Date "2014.11.07"]
[Round "2.2"]
[White "Andraschko, Felix"]
[Black "Czypinski, Jaroslaw"]
[Result "1-0"]
[WhiteElo "2161"]
[BlackElo "1981"]
[PlyCount "57"]
[EventDate "2014.11.07"]
[EventType "tourn"]
[EventRounds "3"]
[EventCountry "CAN"]

1. d4 e6 2. e4 d5 3. Nd2 dxe4 4. Nxe4 Bd7 5. Nf3 Bc6 6. Bd3 Nf6 7. Ng3 Nbd7 8.
O-O Be7 9. c4 b6 10. b3 Bb7 11. Bb2 O-O 12. Qe2 c5 13. Rad1 Qc7 14. Bb1 Rad8
15. Rfe1 cxd4 16. Rxd4 Bxf3 17. Qxf3 Bb4 18. Rf1 Ne5 19. Qf4 Rxd4 20. Bxd4 Bd6
21. Qg5 h6 22. Qe3 Neg4 23. Qe2 e5 24. Bb2 h5 25. Nxh5 Nxh5 26. Qxg4 Nf6 27.
Qf5 Qd7 28. Qxd7 Nxd7 29. Rd1 1-0

[Event "November Quad A"]
[Site "Winnipeg CAN"]
[Date "2014.11.07"]
[Round "2.3"]
[White "Liebzeit, Mick"]
[Black "De Groot, Steven"]
[Result "1-0"]
[WhiteElo "1902"]
[BlackElo "1889"]
[PlyCount "33"]
[EventDate "2014.11.07"]
[EventType "tourn"]
[EventRounds "3"]
[EventCountry "CAN"]

1. e4 c5 2. Nf3 d6 3. d4 cxd4 4. Nxd4 Nf6 5. Nc3 a6 6. Bc4 e6 7. Bb3 Be7 8. O-O
O-O 9. f4 Qc7 10. f5 d5 11. fxe6 fxe6 12. exd5 Qb6 13. Be3 Nxd5 14. Rxf8+ Bxf8
15. Nxd5 exd5 16. Qf3 Bc5 17. Qxd5+ 1-0

[Event "November Quad A"]
[Site "Winnipeg CAN"]
[Date "2014.11.23"]
[Round "3"]
[White "Jenkins, Mark"]
[Black "Trueman, Francis"]
[Result "0-1"]
[WhiteElo "1466"]
[BlackElo "1469"]
[PlyCount "70"]
[EventDate "2014.11.07"]
[EventType "tourn"]
[EventRounds "3"]
[EventCountry "CAN"]
[TimeControl "3000+10"]

1. d4 Nf6 2. c4 d6 3. Nf3 g6 4. Nc3 Bg7 5. e4 O-O 6. Be3 c6 7. Qd2 Qc7 8. Bh6
e5 9. Bxg7 Kxg7 10. d5 Nbd7 11. h3 a5 12. g4 Nc5 13. Bd3 Bd7 14. g5 Nh5 15. Be2
Nf4 16. Rh2 Nxh3 17. Bf1 Nf4 18. O-O-O Qb6 19. Ng1 a4 20. Nge2 Nfd3+ 21. Kb1 a3
22. b3 Nxb3 23. Kc2 Nxd2 24. Kxd3 Nf3 25. Rg2 Nd4 26. Ke3 f5 27. gxf6+ Rxf6 28.
Nxd4 exd4+ 29. Rxd4 cxd5 30. Nxd5 Rf3+ 31. Kxf3 Qxd4 32. c5 dxc5 33. Nb6 Rf8+
34. Kg3 Qe5+ 35. f4 Qxf4# 0-1

[Event "November Quad A"]
[Site "Winnipeg CAN"]
[Date "2014.11.07"]
[Round "3.3"]
[White "Czypinski, Jaroslaw"]
[Black "Liebzeit, Mick"]
[Result "0-1"]
[WhiteElo "1981"]
[BlackElo "1902"]
[PlyCount "55"]
[EventDate "2014.11.07"]
[EventType "tourn"]
[EventRounds "3"]
[EventCountry "CAN"]

1. e4 Nf6 2. Nc3 e5 3. Nf3 Nc6 4. d4 exd4 5. Nxd4 Bb4 6. Nxc6 bxc6 7. Bd3 d5 8.
exd5 cxd5 9. O-O Bxc3 10. bxc3 O-O 11. Bg5 Qd6 12. Bxf6 Qxf6 13. Qh5 g6 14.
Qxd5 Be6 15. Qd4 Qxd4 16. cxd4 Rad8 17. f4 Rxd4 18. f5 Bd5 19. fxg6 hxg6 20.
Rfe1 c5 21. Bb5 Rd2 22. Re2 Rxe2 23. Bxe2 Re8 24. Bb5 Re4 25. Kf2 Bc4 26. Ba4
Re2+ 27. Kf3 Rd2 28. Bb3 {and Black won.} 0-1

[Event "November Quad A"]
[Site "Winnipeg CAN"]
[Date "2014.11.07"]
[Round "3.3"]
[White "De Groot, Steven"]
[Black "Andraschko, Felix"]
[Result "1-0"]
[WhiteElo "1889"]
[BlackElo "2161"]
[PlyCount "57"]
[EventDate "2014.11.07"]
[EventType "tourn"]
[EventRounds "3"]
[EventCountry "CAN"]

1. Nf3 c5 2. d4 cxd4 3. Nxd4 Nf6 4. g3 e5 5. Nb3 d5 6. Bg2 Nc6 7. O-O Be6 8.
Bg5 Be7 9. Nc3 d4 10. Bxf6 gxf6 11. Ne4 h5 12. c3 dxc3 13. Nxc3 Qxd1 14. Rfxd1
Rd8 15. Nd5 Rd7 16. h4 O-O 17. Nxe7+ Rxe7 18. Nc5 Bg4 19. Rd2 Nd4 20. Kf1 b6
21. Ne4 Kg7 22. Rc1 Rc8 23. Rxc8 Bxc8 24. e3 Ne6 25. Nd6 Ba6+ 26. Ke1 Kf8 27.
Bf3 Ng7 28. b4 f5 29. Bc6 1-0

[Event "November Quad B"]
[Site "Winnipeg CAN"]
[Date "2014.11.07"]
[Round "1"]
[White "Trueman, Francis"]
[Black "Evans, Jason"]
[Result "0-1"]
[WhiteElo "1469"]
[BlackElo "1490"]
[PlyCount "88"]
[EventDate "2014.11.07"]
[EventType "tourn"]
[EventRounds "3"]
[EventCountry "CAN"]

1. Nf3 d5 2. d3 Nc6 3. Nbd2 Nf6 4. g3 e5 5. e4 Bg4 6. Bg2 d4 7. a4 Bb4 8. O-O
Qd7 9. Nc4 Qe6 10. Bd2 Nxe4 11. Bxb4 Nxb4 12. Qc1 Bxf3 13. Bxf3 Nd6 14. Nxd6+
Qxd6 15. Bxb7 Rb8 16. Be4 O-O 17. Qd2 c5 18. c3 Nd5 19. c4 Nf6 20. Bf3 Rfe8 21.
a5 e4 22. dxe4 Nxe4 23. Qd3 Nf6 24. b3 Nd7 25. Bd5 Qg6 26. Qxg6 hxg6 27. Bc6
Red8 28. Rab1 Ne5 29. Bd5 Nd3 30. Rfd1 Nb4 31. Bf3 Re8 32. Re1 Rbd8 33. Rxe8+
Rxe8 34. Kf1 Kf8 35. Re1 Rb8 36. Re5 Nd3 37. Rd5 Rxb3 38. Rd8+ Ke7 39. Ra8 Ne5
40. Rxa7+ Kf6 41. Bd5 d3 42. Ke1 Rb2 43. Rb7 Rxb7 44. Bxb7 Nxc4 0-1

[Event "November Quad B"]
[Site "Winnipeg CAN"]
[Date "2014.11.07"]
[Round "2"]
[White "Green, Jim"]
[Black "Trueman, Francis"]
[Result "1-0"]
[WhiteElo "1881"]
[BlackElo "1469"]
[PlyCount "37"]
[EventDate "2014.11.07"]
[EventType "tourn"]
[EventRounds "3"]
[EventCountry "CAN"]

1. e4 c5 2. Nf3 e6 3. d4 Nc6 4. Bb5 Nf6 5. Bxc6 bxc6 6. Nc3 d5 7. e5 Nd7 8. O-O
cxd4 9. Qxd4 Rb8 10. Rb1 Bc5 11. Qg4 O-O 12. Bh6 g6 13. Bxf8 Kxf8 14. h4 h5 15.
Qg5 Be7 16. Qf4 Rb4 17. Qd2 Bxh4 18. Nxd5 Be7 19. Nxb4 1-0

[Event "November Quad B"]
[Site "Winnipeg CAN"]
[Date "2014.11.07"]
[Round "3"]
[White "Green, Jim"]
[Black "Evans, Jason"]
[Result "1-0"]
[WhiteElo "1881"]
[BlackElo "1490"]
[PlyCount "45"]
[EventDate "2014.11.07"]
[EventType "tourn"]
[EventRounds "3"]
[EventCountry "CAN"]

1. e4 e6 2. d4 d5 3. exd5 exd5 4. h3 Nf6 5. Nf3 Be7 6. Bd3 b6 7. O-O c5 8. Bb5+
Bd7 9. Bxd7+ Nbxd7 10. Nc3 O-O 11. Bf4 Nh5 12. Bh2 Re8 13. Nxd5 Ndf6 14. Nc7
Bd6 15. Bxd6 Qxd6 16. Nxe8 Rxe8 17. dxc5 Qxc5 18. c3 g5 19. Qd4 Qf5 20. Rfe1
Re4 21. Rxe4 Nxe4 22. Re1 Nef6 23. Qe5 1-0

[Event "October TNT"]
[Site "Winnipeg CAN"]
[Date "2014.10.07"]
[Round "1.4"]
[White "Baron, Gustav"]
[Black "Wiebe, Isaac"]
[Result "1-0"]
[WhiteElo "2104"]
[BlackElo "1790"]
[PlyCount "191"]
[EventDate "2014.10.07"]
[EventType "swiss"]
[EventRounds "4"]
[EventCountry "CAN"]

1. Nf3 c5 2. c4 Nf6 3. b3 d5 4. cxd5 Nxd5 5. g3 Nc6 6. Bg2 e5 7. O-O Be7 8. Bb2
Bf6 9. Qc2 Qd6 10. Na3 O-O 11. Rac1 b6 12. Qe4 Ba6 13. Nxe5 Nxe5 14. Qxd5 Qxd5
15. Bxd5 Rad8 16. Bxe5 Bxe5 17. Bc4 Bb7 18. Rcd1 Rfe8 19. Nb1 a6 20. Bd3 Rd6
21. Bf5 Rf6 22. Bh3 Bb2 23. Rde1 Re5 24. Bg2 Bxg2 25. Kxg2 Rfe6 26. e3 Rd5 27.
Re2 Rd3 28. h4 b5 29. e4 c4 30. bxc4 bxc4 31. Rfe1 Bd4 32. Rc1 Rc6 33. Nc3 Bxc3
34. Rxc3 Rxc3 35. dxc3 Rd6 36. Rb2 f6 37. Rb4 Rd2 38. a4 Kf7 39. Rxc4 Ra2 40.
Kf3 Ke6 41. Rc6+ Kf7 42. Rxa6 Ra3 43. Ra7+ Kg6 44. Rc7 Rxa4 45. c4 Ra3+ 46. Kf4
h5 47. c5 Rc3 48. c6 Rc4 49. Kf3 f5 50. exf5+ Kf6 51. Rc8 Kxf5 52. c7 Rc3+ 53.
Kg2 Kg6 54. Kf1 Kf7 55. Ke2 Ke6 56. Kd2 Rc5 57. Re8+ Kd7 58. Rg8 Kxc7 59. Rxg7+
Kd6 60. Rg5 Rc4 61. Rxh5 Ke6 62. Ke3 Kf6 63. Kf3 Kg6 64. Ra5 Rc3+ 65. Kg4 Rc4+
66. f4 Rc6 67. Rg5+ Kh6 68. Rg8 Kh7 69. Ra8 Kg6 70. h5+ Kh6 71. Kh4 Rc5 72. g4
Rc1 73. Ra6+ Kh7 74. Kg5 Rc5+ 75. f5 Rc7 76. Rg6 Rc5 77. Rf6 Kg7 78. Re6 Kh7
79. h6 Rc4 80. Re7+ Kh8 81. f6 Rc8 82. Kg6 Rg8+ 83. Rg7 Rd8 84. Rh7+ Kg8 85.
f7+ Kf8 86. Rh8+ Ke7 87. Rxd8 Kxd8 88. f8=Q+ Kd7 89. Qf7+ Kd6 90. Kf5 Kc5 91.
Ke5 Kc6 92. Qd5+ Kb6 93. Kd6 Ka7 94. Qb3 Ka6 95. Kc6 Ka5 96. Qb5# 1-0

[Event "October TNT"]
[Site "Winnipeg CAN"]
[Date "2014.10.08"]
[Round "1.4"]
[White "Beach, Brock"]
[Black "Melamedoff, Gustavo"]
[Result "0-1"]
[WhiteElo "1753"]
[BlackElo "2089"]
[PlyCount "38"]
[EventDate "2014.10.07"]
[EventType "swiss"]
[EventRounds "4"]
[EventCountry "CAN"]

1. e4 c5 2. Nf3 Nc6 3. Bb5 g6 4. d4 cxd4 5. Nxd4 Bg7 6. Nxc6 bxc6 7. Bd3 Rb8 8.
Nd2 Nf6 9. O-O O-O 10. Nf3 d6 11. h3 Nd7 12. c3 Nc5 13. Re1 Nxd3 14. Qxd3 Qa5
15. Nd4 Bd7 16. b4 Qc7 17. Be3 c5 18. Nc2 cxb4 19. Nxb4 Qxc3 0-1

[Event "October TNT"]
[Site "Winnipeg CAN"]
[Date "2014.10.07"]
[Round "1.4"]
[White "Korenbaum, Max"]
[Black "Wolchock, Theo"]
[Result "0-1"]
[WhiteElo "1326"]
[BlackElo "1963"]
[PlyCount "50"]
[EventDate "2014.10.07"]
[EventType "swiss"]
[EventRounds "4"]
[EventCountry "CAN"]

1. e4 e5 2. Nf3 d6 3. Nc3 Nc6 4. h3 Be7 5. g3 Nf6 6. d3 O-O 7. Bg2 h6 8. Be3
Be6 9. Qd2 d5 10. Nh2 d4 11. Bxh6 dxc3 12. bxc3 gxh6 13. Qxh6 Nh7 14. Qe3 Bf6
15. O-O Qd7 16. g4 Bg5 17. Qe2 Ne7 18. c4 Ng6 19. Qd1 Nf4 20. Qf3 Qe7 21. Rad1
c5 22. Kh1 Bh6 23. Qg3 Ne2 24. Qf3 Nd4 25. Qg3 Bf4 0-1

[Event "October TNT"]
[Site "Winnipeg CAN"]
[Date "2014.10.07"]
[Round "1.4"]
[White "Leaden, Bruce"]
[Black "Bince, Rolando"]
[Result "0-1"]
[WhiteElo "1560"]
[BlackElo "1998"]
[PlyCount "67"]
[EventDate "2014.10.07"]
[EventType "swiss"]
[EventRounds "4"]
[EventCountry "CAN"]

1. d4 Nf6 2. Nf3 d5 3. c4 c6 4. Nc3 a6 5. a4 Bf5 6. Bg5 h6 7. Bxf6 exf6 8. cxd5
cxd5 9. Qb3 Nc6 10. Qxd5 Qxd5 11. Nxd5 O-O-O 12. Ne3 Bb4+ 13. Kd1 Nxd4 14. Nxf5
Nb3+ 15. Kc2 Nxa1+ 16. Kb1 Nb3 17. e3 Nd2+ 18. Ka2 g6 19. N5d4 Nxf3 20. gxf3
Bd6 21. Bc4 Rhf8 22. h3 Be5 23. Rd1 Bxd4 24. exd4 Kd7 25. a5 Kd6 26. b4 Rc8 27.
Kb3 Rc7 28. Rd3 Rfc8 29. Rc3 f5 30. h4 f6 31. Rc1 h5 32. f4 g5 33. fxg5 fxg5
34. hxg5 0-1

[Event "October TNT"]
[Site "Winnipeg CAN"]
[Date "2014.10.07"]
[Round "1.4"]
[White "Liebzeit, Mick"]
[Black "Andraschko, Felix"]
[Result "1/2-1/2"]
[WhiteElo "1867"]
[BlackElo "2172"]
[PlyCount "120"]
[EventDate "2014.10.07"]
[EventType "swiss"]
[EventRounds "4"]
[EventCountry "CAN"]

1. e4 c5 2. Nf3 e6 3. d4 cxd4 4. Nxd4 a6 5. Be2 Qc7 6. O-O Nf6 7. Nd2 Bd6 8. h3
Be7 9. c4 b6 10. b3 Bb7 11. Bd3 Qd6 12. N2f3 Nxe4 13. Qc2 Nf6 14. Bb2 Nc6 15.
a3 h6 16. Rad1 Qc7 17. Rfe1 O-O 18. Nxc6 Qxc6 19. Bf1 d5 20. Nd4 Qc7 21. Rd3
dxc4 22. Rg3 Rfc8 23. Rxe6 cxb3 24. Qf5 fxe6 25. Nxe6 Qxg3 26. fxg3 Be4 27. Qf4
Bg6 28. Bc4 Bf7 29. Bxb3 Re8 30. g4 Bf8 31. Qf5 Be7 32. h4 Rac8 33. g5 Rc5 34.
Qf3 hxg5 35. hxg5 Nd5 36. Nxc5 Bxc5+ 37. Kh2 Re3 38. Qd1 Bd6+ 39. Kh1 Bg3 40.
Bxd5 Re1+ 41. Qxe1 Bxe1 42. Bxf7+ Kxf7 43. Bd4 b5 44. Kg1 Bd2 45. Kf2 Bxg5 46.
Kf3 Bc1 47. Bc5 Ke6 48. Ke4 a5 49. g4 g6 50. Kd4 Bb2+ 51. Ke4 b4 52. axb4 Ba3
53. Kd4 Bxb4 54. Bb6 a4 55. Kc4 Be7 56. Bd4 a3 57. Kb3 Kd5 58. Be3 Ke4 59. Bc1
Kf3 60. g5 Kg4 1/2-1/2

[Event "October TNT"]
[Site "Winnipeg CAN"]
[Date "2014.10.07"]
[Round "1.4"]
[White "Lipnowski, Samuel"]
[Black "Green, Jim"]
[Result "1-0"]
[WhiteElo "2218"]
[BlackElo "1882"]
[PlyCount "73"]
[EventDate "2014.10.07"]
[EventType "swiss"]
[EventRounds "4"]
[EventCountry "CAN"]

1. c4 b6 2. d4 e6 3. Nf3 Bb7 4. Nc3 Bb4 5. Qb3 c5 6. a3 Bxc3+ 7. Qxc3 Nf6 8.
dxc5 bxc5 9. Bf4 O-O 10. O-O-O Ne4 11. Qe1 d5 12. e3 Qb6 13. Nd2 d4 14. Nxe4
Bxe4 15. exd4 Bg6 16. Qe3 cxd4 17. Qxd4 Qb3 18. Bd3 Nc6 19. Qc3 Qxc3+ 20. bxc3
e5 21. Be3 e4 22. Be2 Ne5 23. Rd5 Nd3+ 24. Kc2 Rfc8 25. Rb1 a6 26. f3 Rab8 27.
Rxb8 Rxb8 28. fxe4 Ne1+ 29. Kd2 Nxg2 30. Bf3 Nxe3 31. Kxe3 f6 32. Rd6 Rb3 33.
Kd4 Rxa3 34. c5 Ra4+ 35. c4 Kf8 36. c6 Bf7 37. Be2 1-0